000 00764cpcaa2200229 4500
001 mm 81000299
003 DLC
005 20260227111705.0
008 810717|||||||||||| eng
010 _amm 81000299
040 _aDLC
_cDLC
_edacs
_dDLC
072 7 _aL
_2lcmd
100 1 _aBolton, Sarah T.
_q(Sarah Tittle),
_d1814-1893.
245 0 0 _aSarah T. Bolton poem,
_fundated.
300 _a1
_fitem.
506 0 _aOpen to research.
545 0 _aPoet. Born as Sarah Tittle Barrett.
546 _aCollection material in English.
580 _aForms part of: Miscellaneous Manuscripts collection.
656 7 _aPoets.
_2itoamc
999 _c42956
_d42956